|
|
|
|
| LEADER |
00835nab a2200217 i 4500 |
| 001 |
acta6083 |
| 005 |
20260126094016.0 |
| 008 |
161015s1982 hu o 000 hun d |
| 022 |
|
|
|a 0324-6523
|
| 040 |
|
|
|a SZTE Egyetemi Kiadványok Repozitórium
|b hun
|
| 041 |
|
|
|a hun
|
| 100 |
1 |
|
|a Horváth Ágnes
|
| 245 |
1 |
0 |
|a Sidonius Apollinaris levelezési kapcsolatai
|h [elektronikus dokumentum] /
|c Horváth Ágnes
|
| 260 |
|
|
|c 1982
|
| 300 |
|
|
|a 45-60
|
| 490 |
0 |
|
|a Acta Universitatis Szegediensis : acta iuvenum : sectio historica
|v 3
|
| 650 |
|
4 |
|a Bölcsészettudományok
|
| 650 |
|
4 |
|a Történettudomány és régészet
|
| 650 |
|
4 |
|a Nyelvek és irodalom
|
| 695 |
|
|
|a Sidonius Gaius Sollius Apollinaris, Művelődéstörténet, Irodalomtörténet
|
| 856 |
4 |
0 |
|u http://acta.bibl.u-szeged.hu/6083/1/iuvenum_historica_003_045-060.pdf
|z Dokumentum-elérés
|